500 Largest Cities In Texas - Statistics

General Stats
  • This quiz has been taken 548 times
  • The average score is 101 of 500
Answer Stats
Rank City Population % Correct
4 Austin 935,755
97%
2 San Antonio 1,486,521
97%
3 Dallas 1,318,806
96%
1 Houston 2,295,982
95%
6 El Paso 680,354
94%
5 Fort Worth 855,786
94%
7 Arlington 392,462
88%
9 Plano 284,579
87%
24 Waco 133,964
87%
8 Corpus Christi 324,692
86%
11 Lubbock 250,415
86%
14 Amarillo 198,773
85%
10 Laredo 257,575
84%
68 Galveston 50,039
83%
23 Midland 135,134
79%
30 Odessa 118,582
79%
16 Brownsville 182,679
78%
22 McAllen 141,597
77%
27 Abilene 123,676
76%
34 College Station 110,782
76%
18 Frisco 165,700
76%
37 Wichita Falls 104,494
74%
25 Denton 133,661
73%
12 Irving 238,637
72%
38 Tyler 103,721
72%
29 Beaumont 118,632
71%
13 Garland 237,982
71%
28 Round Rock 120,157
71%
92 Texarkana 37,277
70%
17 McKinney 173,460
69%
21 Killeen 143,070
67%
31 Sugar Land 118,182
66%
20 Mesquite 144,250
64%
19 Pasadena 154,193
64%
41 Allen 99,255
63%
26 Carrollton 133,438
63%
15 Grand Prairie 191,104
63%
40 San Angelo 99,634
63%
50 New Braunfels 74,587
61%
61 San Marcos 61,751
61%
35 The Woodlands 109,843
61%
32 Pearland 117,867
60%
36 Lewisville 104,789
59%
33 Richardson 114,402
59%
57 Victoria 66,939
58%
72 Texas City 47,902
57%
64 Port Arthur 55,249
56%
53 Temple 73,143
56%
44 Bryan 83,199
55%
126 Paris 24,842
55%
45 Longview 82,256
54%
63 Spring 58,756
52%
46 Conroe 80,893
51%
42 Edinburg 94,019
50%
39 League City 100,832
50%
58 Georgetown 66,804
49%
83 Huntsville 41,079
49%
158 Katy 18,094
49%
82 Sherman 41,149
49%
95 Del Rio 35,921
47%
67 Grapevine 52,486
47%
49 Baytown 76,581
46%
102 Nacogdoches 33,610
45%
43 Mission 83,709
43%
153 Orange 18,901
43%
99 Waxahachie 34,285
43%
52 Flower Mound 73,252
42%
59 Harlingen 65,449
42%
96 Lufkin 35,874
41%
62 Pflugerville 59,757
41%
66 DeSoto 53,030
39%
51 Missouri City 73,573
39%
77 Rockwall 43,157
39%
108 Eagle Pass 29,151
37%
48 Pharr 77,835
37%
54 Cedar Park 72,415
36%
446 Port Aransas 4,266
36%
65 Euless 55,047
35%
176 Uvalde 16,277
35%
237 Fredericksburg 11,157
34%
86 Duncanville 39,630
33%
177 Gainesville 16,275
33%
146 Alamo 19,591
32%
211 Athens 12,677
32%
113 Greenville 26,900
32%
305 Jasper 7,551
32%
135 Kerrville 23,216
32%
56 Mansfield 67,492
32%
132 Denison 23,820
31%
55 North Richland Hills 69,800
31%
104 Southlake 30,840
31%
79 The Colony 42,215
31%
70 Wylie 49,248
31%
119 Kingsville 25,782
30%
156 Palestine 18,237
30%
193 Boerne 14,799
29%
75 Burleson 44,629
29%
133 Corsicana 23,736
29%
282 Fort Stockton 8,421
29%
192 Jacksonville 14,821
29%
134 Marshall 23,315
29%
151 Alice 19,146
28%
349 Alpine 5,982
28%
169 Brenham 16,778
28%
74 Keller 46,175
28%
85 Kyle 39,857
28%
131 Midlothian 23,908
28%
254 Pecos 9,814
28%
152 Prosper 19,103
28%
60 Rowlett 62,127
28%
110 Seguin 28,357
28%
228 Tomball 11,644
28%
160 Bay City 17,681
27%
109 Big Spring 28,367
27%
81 Coppell 41,512
27%
97 Farmers Branch 35,552
27%
266 Highland Park 9,145
27%
112 Lake Jackson 27,377
27%
168 Taylor 16,811
27%
139 Belton 21,123
26%
150 Ennis 19,196
26%
179 Mount Pleasant 16,100
26%
222 Richmond 12,084
26%
188 Canyon 15,182
25%
106 Cleburne 29,878
25%
314 Decatur 7,094
25%
181 Humble 15,861
25%
197 Rio Grande City 14,415
25%
94 Rosenberg 36,509
25%
124 University Park 24,954
25%
162 White Settlement 17,396
25%
218 Anna 12,271
24%
207 Beeville 13,044
24%
71 Cedar Hill 48,704
24%
287 Cleveland 8,238
24%
221 Freeport 12,098
24%
87 Friendswood 39,319
24%
306 Gonzales 7,533
24%
76 Haltom City 44,275
24%
302 Kaufman 7,788
24%
180 Sulphur Springs 15,948
24%
163 Terrell 17,378
24%
107 Weatherford 29,739
24%
84 Weslaco 39,871
24%
91 Hurst 38,991
23%
73 Leander 46,419
23%
78 Little Elm 42,889
23%
217 Port Lavaca 12,303
23%
240 Rockport 10,957
23%
143 Stephenville 20,396
23%
148 Angleton 19,410
22%
284 Aransas Pass 8,388
22%
69 Bedford 49,306
22%
335 Crockett 6,385
22%
89 Lancaster 39,162
22%
385 Livingston 5,242
22%
137 Saginaw 22,873
22%
426 Zapata 4,585
22%
371 Atlanta 5,472
21%
196 Buda 14,503
21%
117 Colleyville 26,037
21%
271 Commerce 9,000
21%
205 Henderson 13,355
21%
416 Madisonville 4,685
21%
164 Nederland 17,371
21%
140 Plainview 20,714
21%
90 Schertz 38,991
21%
101 Socorro 33,923
21%
184 Addison 15,626
20%
136 Benbrook 22,961
20%
333 Burnet 6,406
20%
332 Carthage 6,431
20%
489 Columbus 3,646
20%
258 Granbury 9,593
20%
281 Hillsboro 8,476
20%
191 Kilgore 14,867
20%
268 Liberty 9,103
20%
203 Lockhart 13,548
20%
309 Mexia 7,344
20%
293 Navasota 7,998
20%
331 Sealy 6,446
20%
244 Sweetwater 10,701
20%
236 Webster 11,165
20%
278 Alamo Heights 8,614
19%
100 Deer Park 33,935
19%
216 Red Oak 12,366
19%
295 Richland Hills 7,953
19%
231 Robstown 11,494
19%
122 Sachse 25,133
19%
116 Alvin 26,154
18%
471 Canton 3,861
18%
347 Childress 6,048
18%
103 Copperas Cove 32,731
18%
294 Lampasas 7,982
18%
315 Marble Falls 7,038
18%
339 Port Isabel 6,256
18%
167 Portland 16,865
18%
251 Bonham 10,106
17%
381 Brady 5,302
17%
154 Brownwood 18,820
17%
388 Center 5,175
17%
286 Dalhart 8,310
17%
365 Dripping Springs 5,708
17%
227 El Campo 11,670
17%
256 Elgin 9,616
17%
98 La Porte 35,386
17%
142 Murphy 20,528
17%
424 New Boston 4,609
17%
239 Raymondville 11,051
17%
129 San Benito 24,466
17%
93 San Juan 36,740
17%
206 Santa Fe 13,241
17%
174 Seagoville 16,357
17%
161 South Houston 17,627
17%
242 Vidor 10,805
17%
204 Andrews 13,525
16%
155 Bellaire 18,733
16%
392 Bowie 5,114
16%
261 Celina 9,354
16%
80 Channelview 41,930
16%
141 Dickinson 20,529
16%
149 Forney 19,366
16%
105 Harker Heights 30,251
16%
263 Hondo 9,204
16%
189 Mineral Wells 15,041
16%
225 Royse City 11,746
16%
367 Rusk 5,602
16%
138 Corinth 21,158
15%
172 Donna 16,576
15%
195 Dumas 14,597
15%
418 La Grange 4,677
15%
178 La Marque 16,225
15%
186 Live Oak 15,595
15%
171 Mercedes 16,648
15%
273 Sanger 8,732
15%
121 Balch Springs 25,312
14%
283 Dayton 8,389
14%
215 Gatesville 12,387
14%
130 Hutto 23,980
14%
212 Lumberton 12,610
14%
159 Pampa 17,793
14%
387 Parker 5,177
14%
320 Sunnyvale 6,841
14%
144 Universal City 20,265
14%
276 Wharton 8,637
14%
436 Argyle 4,381
13%
220 Azle 12,149
13%
372 Cameron 5,464
13%
187 Crowley 15,189
13%
292 Floresville 8,045
13%
198 Hewitt 14,347
13%
147 Horizon City 19,479
13%
357 Hutchins 5,866
13%
404 Lake Worth 4,896
13%
234 Leon Valley 11,306
13%
300 Monahans 7,816
13%
250 Pearsall 10,252
13%
414 Pittsburg 4,697
13%
210 Port Neches 12,853
13%
233 Roma 11,363
13%
232 Snyder 11,456
13%
245 Vernon 10,685
13%
128 Watauga 24,526
13%
428 Alvarado 4,530
12%
47 Atascocita 79,019
12%
472 Colorado City 3,857
12%
115 Converse 26,246
12%
407 Falfurrias 4,812
12%
285 Hempstead 8,355
12%
199 Hidalgo 13,760
12%
275 Kennedale 8,645
12%
291 Lake Dallas 8,063
12%
411 Mineola 4,766
12%
248 Pleasanton 10,450
12%
255 Princeton 9,765
12%
324 Silsbee 6,617
12%
376 Sinton 5,354
12%
209 Borger 12,856
11%
235 Burkburnett 11,170
11%
313 Crystal City 7,158
11%
361 Edna 5,780
11%
226 Fate 11,705
11%
127 Fresno 24,607
11%
238 Galena Park 11,075
11%
183 Groves 15,760
11%
290 Joshua 8,101
11%
470 Presidio 3,894
11%
377 Anthony 5,352
10%
249 Bellmead 10,431
10%
438 Caldwell 4,373
10%
444 Coleman 4,274
10%
491 Farmersville 3,630
10%
247 Fort Bliss 10,602
10%
120 Fort Hood 25,365
10%
269 Helotes 9,083
10%
175 Highland Village 16,342
10%
243 Jacinto City 10,747
10%
297 Jersey Village 7,890
10%
200 Levelland 13,686
10%
329 Lindale 6,464
10%
279 Lucas 8,553
10%
356 Luling 5,869
10%
267 Manvel 9,143
10%
265 Perryton 9,167
10%
280 Perryton 8,512
10%
229 Robinson 11,569
10%
253 Selma 9,895
10%
437 Van Alstyne 4,378
10%
474 West Columbia 3,830
10%
182 Aldine 15,822
9%
450 Bellville 4,219
9%
375 Carrizo Springs 5,362
9%
111 Cibolo 27,963
9%
230 Clute 11,524
9%
451 Comanche 4,197
9%
208 Forest Hill 12,913
9%
394 Giddings 5,099
9%
336 Gladewater 6,341
9%
343 Gun Barrel City 6,208
9%
190 Hereford 14,938
9%
296 Hitchcock 7,914
9%
252 Ingleside 10,050
9%
368 Marlin 5,581
9%
303 River Oaks 7,630
9%
369 Rockdale 5,503
9%
201 Seabrook 13,670
9%
157 Stafford 18,110
9%
224 Trophy Club 11,790
9%
272 Whitehouse 8,905
9%
410 Wilmer 4,772
9%
402 Aledo 4,985
8%
405 Aubrey 4,895
8%
123 Canyon Lake 25,104
8%
432 Castle Hills 4,470
8%
125 Cloverleaf 24,953
8%
288 Cuero 8,236
8%
277 Graham 8,622
8%
419 Hebbronville 4,662
8%
435 Jacksboro 4,384
8%
274 Kirby 8,723
8%
310 La Feria 7,230
8%
194 Lakeway 14,677
8%
483 Lavon 3,724
8%
362 Palmview 5,774
8%
449 San Diego 4,221
8%
301 Seminole 7,815
8%
430 Smithville 4,515
8%
185 West University Place 15,619
8%
458 Whitesboro 4,120
8%
270 Woodway 9,024
8%
173 Alton 16,566
7%
319 Bee Cave 6,841
7%
374 Breckenridge 5,423
7%
455 Cockrell Hill 4,154
7%
350 Fabens 5,946
7%
440 Hearne 4,354
7%
434 Jourdanton 4,405
7%
442 La Joya 4,293
7%
262 Lamesa 9,264
7%
325 Mont Belvieu 6,574
7%
353 Slaton 5,890
7%
338 White Oak 6,322
7%
355 Windcrest 5,876
7%
298 Bridge City 7,862
6%
322 Bridgeport 6,653
6%
257 Brownfield 9,596
6%
382 Bulverde 5,300
6%
166 Cinco Ranch 16,977
6%
456 Cotulla 4,137
6%
461 Crandall 4,017
6%
459 Dimmitt 4,099
6%
494 Dublin 3,553
6%
344 Everman 6,201
6%
389 Gilmer 5,143
6%
213 Glenn Heights 12,581
6%
447 Groesbeck 4,253
6%
441 Hallsville 4,296
6%
307 Highlands 7,432
6%
443 Justin 4,279
6%
299 Los Fresnos 7,837
6%
463 Mabank 3,995
6%
413 Mathis 4,715
6%
88 Mission Bend 39,291
6%
499 Poteet 3,507
6%
351 Progreso 5,944
6%
264 San Elizario 9,197
6%
114 West Odessa 26,278
6%
352 Yoakum 5,940
6%
490 Ballinger 3,642
5%
485 Barrett 3,691
5%
398 Canutillo 5,061
5%
479 Cisco 3,784
5%
431 Dilley 4,489
5%
480 Eagle Lake 3,777
5%
337 Iowa Park 6,339
5%
326 Keene 6,568
5%
328 Kermit 6,486
5%
304 Lago Vista 7,556
5%
259 Lantana 9,536
5%
383 Medina 5,296
5%
399 Muleshoe 5,019
5%
475 Nash 3,827
5%
427 Palacios 4,535
5%
391 Post 5,115
5%
422 Rio Bravo 4,634
5%
465 Shavano Park 3,979
5%
453 Sullivan City 4,170
5%
497 Teague 3,515
5%
373 Terrell Hills 5,447
5%
488 Wills Point 3,651
5%
246 Bacliff 10,649
4%
360 Brookshire 5,816
4%
341 Cameron Park 6,226
4%
486 Crane 3,682
4%
406 Devine 4,829
4%
473 Eastland 3,850
4%
466 Nassau Bay 3,972
4%
484 Sweeny 3,717
4%
476 Clyde 3,823
3%
403 Denver City 4,911
3%
386 Diboll 5,204
3%
312 Elsa 7,174
3%
318 Kingsland 6,853
3%
400 Krum 5,018
3%
358 Littlefield 5,843
3%
379 McGregor 5,331
3%
425 Meadows Place 4,591
3%
433 North Alamo 4,447
3%
454 Ovilla 4,167
3%
170 Pecan Grove 16,651
3%
412 Penitas 4,716
3%
429 Pilot Point 4,525
3%
202 Rendon 13,616
3%
481 South Alamo 3,731
3%
118 Timberwood Park 25,976
3%
421 Tulia 4,655
3%
417 Briar 4,685
2%
482 Bullard 3,727
2%
467 Bunker Hill Village 3,935
2%
397 Doffing 5,065
2%
241 Fair Oaks Ranch 10,857
2%
457 Garden Ridge 4,130
2%
401 Hudson 5,005
2%
330 Lackland AFB 6,454
2%
321 Lacy-Lakeview 6,721
2%
223 La Homa 12,054
2%
464 Richwood 3,988
2%
487 San Carlos 3,659
2%
393 San Leon 5,106
2%
468 Sparks 3,935
2%
492 Taylor Lake Village 3,571
2%
380 Wake Village 5,327
2%
219 Wells Branch 12,227
2%
359 Willow Park 5,842
2%
370 Wolfforth 5,486
2%
145 Brushy Creek 20,024
1%
327 Camp Swift 6,553
1%
469 Chula Vista CDP 3,922
1%
496 Doolittle 3,531
1%
260 Eidson Road 9,531
1%
214 Four Corners 12,465
1%
477 Friona 3,808
1%
395 Granite Shoals 5,087
1%
311 Hornsby Bend 7,194
1%
460 Horseshoe Bay 4,024
1%
500 La Paloma 3,504
1%
409 Laureles 4,788
1%
396 Midway North 5,074
1%
334 Mila Doce 6,394
1%
415 Morgan's Point Resort 4,685
1%
340 Murillo 6,236
1%
354 Nolanville 5,879
1%
363 Oak Point 5,762
1%
448 Olivarez 4,246
1%
323 Paloma Creek South 6,624
1%
366 Pecan Acres 5,670
1%
348 Pecan Plantation 5,987
1%
390 Primera 5,130
1%
364 Sansom Park 5,748
1%
342 Savannah 6,224
1%
493 Scissors 3,564
1%
165 Sienna Plantation 16,996
1%
439 Venus 4,368
1%
289 West Livingston 8,134
1%
316 Willis 7,028
1%
452 Central Gardens 4,197
0%
478 Cross Mountain 3,798
0%
408 Hickory Creek 4,795
0%
384 Lakehills 5,288
0%
378 Palmview South 5,352
0%
423 Perezville 4,612
0%
345 Pinehurst CDP 6,157
0%
317 Praire View 6,953
0%
308 Providence Village 7,377
0%
420 Sandy Oaks 4,660
0%
346 Scenic Oaks 6,106
0%
445 Shady Hollow 4,272
0%
498 Travis Ranch 3,508
0%
462 Weston Lakes 4,003
0%
495 Westway 3,552
0%
No matching quizzes found
Score Distribution
Percent of People with Each Score
Percentile by Number Answered
Your Score History
You have not taken this quiz